000 00352pab a2200145 454500
008 180718b1991 xxu||||| |||| 00| 0 eng d
100 _aNageshwar, K.
245 _aJournalism education
_bA balanced view
260 _c1991
300 _a40-1
362 _aMar.-Apr.
650 _aJournalism - Study and Teaching
773 _aVidura
909 _a11764
999 _c11764
_d11764